Großstädte Frankreichs - Statistiken

Allgemein
  • Dieses Quiz wurde 621 mal gespielt
  • Das Durchschnittsergebnis liegt bei 23 aus 42
Antwortstatistiken
Einwohnerzahl Region Antwort % Korrekt
2.188.000 Île-de-France Paris
100%
863.000 Provence-Alpes-Côte d'Azur Marseille
99%
516.000 Auvergne-Rhône-Alpes Lyon
98%
281.000 Grand Est Straßburg
94%
254.000 Nouvelle-Aquitaine Bordeaux
93%
340.000 Provence-Alpes-Côte d'Azur Nizza
93%
480.000 Occitaine Toulouse
88%
233.000 Hauts-de-France Lille
86%
309.000 Pays de la Loire Nantes
83%
217.000 Bretagne Rennes
77%
285.000 Occitaine Montpellier
76%
140.000 Bretagne Brest
74%
157.000 Bourgogne-Franche-Comté Dijon
71%
182.000 Grand Est Reims
68%
170.000 Normandie Le Havre
67%
116.000 Grand Est Metz
65%
158.000 Auvergne-Rhône-Alpes Grenoble
63%
173.000 Auvergne-Rhône-Alpes Saint-Étienne
61%
104.000 Grand Est Nancy
56%
172.000 Provence-Alpes-Côte d'Azur Toulon
54%
117.000 Centre-Val de Loire Orléans
51%
151.000 Occitaine Nîmes
50%
109.000 Grand Est Mühlhausen
48%
110.000 Normandie Rouen
47%
136.000 Centre-Val de Loire Tours
46%
105.000 Normandie Caen
44%
144.000 Auvergne-Rhône-Alpes Clermont-Ferrand
42%
143.000 Pays de la Loire Le Mans
39%
132.000 Nouvelle-Aquitaine Limoges
39%
153.000 Pays de la Loire Angers
38%
148.000 La Réunion Saint-Denis
38%
111.000 Île-de-France Saint-Denis
38%
134.000 Hauts-de-France Amiens
37%
142.000 Provence-Alpes-Côte d'Azur Aix-en-Provence
33%
116.000 Bourgogne-Franche-Comté Besancon
31%
147.000 Auvergne-Rhône-Alpes Villeurbanne
27%
127.000 Auvergne-Rhône-Alpes Annecy
26%
120.000 Île-de-France Boulogne-Billancourt
19%
110.000 Île-de-France Argenteuil
13%
110.000 Île-de-France Montreuil
12%
105.000 La Réunion Saint-Paul
10%
120.000 Occitaine Perignan
7%
Keine übereinstimmenden Quizze gefunden
Verteilung der Resultate
Anzahl Personen mit jedem Resultat
Perzentil nach korrekt beantworteten Fragen
Ihre Resultats-Entwicklung
Sie haben dieses Quiz noch nicht gespielt